000 00783nam a2200241 i 4500
001 bg
100 1 _aDIEM, Werner
245 1 0 _aArabische amtliche Briefe des 10. bis 16. Jahrhunderts aus der Österreichsischen Nationalbibliothek in Wien. Textband /
_cWerner Diem.
260 _aWiesbaden :
_bHarrassowitz,
_c1996.
300 _aIX, 411 s. ;
_c30 cm.
490 1 _aDocumenta Arabica Antiqua,
_x0945-5639 ;
_vBd.3
500 _aTeksty listów w jęz. arab.
504 _aBibliogr. s. 404-411.
650 9 _aListy arabskie
_y10-16 w.
830 _aDocumenta Arabica Antiqua,
_x0945-5639 ;
020 _a3447036532
040 _cBPK
041 0 _ade
080 _a821.411.21-6"09/15"
920 _a3-447-03653-2
942 _cKS
008 s pl f |000 0 pol
999 _c34764
_d34764
856 _uhttp://koha.tu.koszalin.pl/cgi-bin/koha/opac-detail.pl?biblionumber=34764
_yKatalog online BPK